| 000 | 00357nam a2200157Ia 4500 | ||
|---|---|---|---|
| 008 | 230711s9999||||xx |||||||||||||| ||und|| | ||
| 020 | _a978-0-7475-6653-3 | ||
| 041 | _aENG | ||
| 082 |
_a800 _bHO-K |
||
| 100 | _aHosseini,Khaled | ||
| 245 | 4 | _aThe kite runner | |
| 260 |
_c2003 _aLondon _bBloomsbury |
||
| 300 | _a324 | ||
| 650 | _aLiterature | ||
| 942 | _cBK | ||
| 999 |
_c5333 _d5333 |
||